|
|
|
|
| LEADER |
00000nam a2200000 a 4500 |
| 001 |
vtls001468585 |
| 003 |
SK-MaSNL |
| 005 |
20260301134806.0 |
| 008 |
240315s1989 xx 0 und |
| 035 |
|
|
|a SNK000423890
|
| 040 |
|
|
|a SNK
|b slo
|c SNK
|e AACR2
|
| 100 |
1 |
|
|a Dvořák, Jaroslav
|c (autor cestopisov)
|4 aut
|9 187090
|
| 245 |
1 |
|
|a Tatry míří do Dakaru
|
| 250 |
|
|
|a 1.vyd.
|
| 260 |
|
|
|a Ostrava
|b Profil
|c 1989
|
| 300 |
|
|
|a 89,3 s.
|
| 958 |
|
|
|a OND
|
| 999 |
|
|
|c 758113
|d 760043
|
| 952 |
|
|
|t P60, <04>, [BOOK], {604}
|a SNK
|b SNK
|y VYP
|7 0
|p 17A0413635
|o snkIC 112598D1
|i snkKIP 8628/89
|0 0
|1 1
|4 0
|d 2004-02-16
|l 0
|r 2005-01-02 00:00:00
|w 2026-02-23
|
| 952 |
|
|
|t P60, <04>, [BOOK], {604}
|a SNK
|b SNK
|y VYP
|7 0
|p 17A0427799
|o snkIC 112598
|i snkKIP 8627/89
|0 0
|1 0
|4 0
|d 2004-05-06
|l 0
|r 2005-01-02 00:00:00
|w 2026-02-23
|